| 000 | 00353nam a2200121Ia 4500 | ||
|---|---|---|---|
| 008 | 190216s9999||||xx |||||||||||||| ||und|| | ||
| 100 | _aBhargava N N 
 Kulshreshtha D C
 Gupta S C
 | ||
| 245 | 0 | _aBasic Electronics And Linear Circiuts | |
| 260 |
_bTata Mcgrawhill Publishers _c1993 |
||
| 300 | _a490 p | ||
| 650 | _aPhysics | ||
| 942 | _cBK | ||
| 999 |
_c33250 _d33250 |
||